[Event "Chernivtsi Open-2016"]
[Site "Chernivtsi"]
[Date "2016.07.22"]
[Round "7.3"]
[White "Roenko, Artur"]
[Black "Vusatiuk, Vladimir"]
[Result "0-1"]
[WhiteElo "2123"]
[BlackElo "2383"]
[PlyCount "78"]
[EventDate "2016.07.19"]
[EventType "swiss"]
[EventRounds "9"]
[EventCountry "UKR"]

1. e4 c5 2. Nf3 a6 3. a4 d6 4. d4 cxd4 5. Nxd4 Nf6 6. Nc3 e6 7. Be3 Nbd7 8. Be2
b6 9. O-O Bb7 10. f3 Be7 11. Qe1 O-O 12. Qg3 Rc8 13. Kh1 Kh8 14. Rad1 Qc7 15.
Nb3 Ne5 16. Qf2 Nfd7 17. f4 Nc6 18. f5 Nb4 19. Rd2 e5 20. Rfd1 Bc6 21. f6 Nxf6
22. Bxb6 Qb8 23. Bf3 Nd7 24. Ba7 Qc7 25. Be3 f5 26. exf5 Rxf5 27. Qg3 Bxf3 28.
gxf3 Qb7 29. Rf1 Nxc2 30. Rxc2 Qxb3 31. Rg2 g6 32. Qh3 Qf7 33. Ne4 Rc4 34. Rg4
d5 35. Nd2 Rc2 36. Rfg1 Rh5 37. Qf1 d4 38. Qd3 Qf5 39. Rxd4 exd4 0-1

[Event "Chernivtsi Open-2016"]
[Site "Chernivtsi"]
[Date "2016.07.22"]
[Round "7.4"]
[White "Polulikh, Bogdan"]
[Black "Vershigora, Yury"]
[Result "1-0"]
[WhiteElo "2188"]
[BlackElo "1931"]
[PlyCount "63"]
[EventDate "2016.07.19"]
[EventType "swiss"]
[EventRounds "9"]
[EventCountry "UKR"]

1. d4 Nf6 2. c4 e6 3. Nc3 d5 4. Bg5 c6 5. e3 Be7 6. Nf3 a6 7. a3 b5 8. cxd5
cxd5 9. Bd3 Bb7 10. O-O Nc6 11. Qe2 Na5 12. Bxf6 Bxf6 13. Nd2 Rc8 14. f4 g6 15.
Nf3 h5 16. Ne5 h4 17. Nd1 Nc4 18. Nf2 Rc7 19. a4 Bxe5 20. fxe5 Qg5 21. Ng4 Nxb2
22. Qxb2 Qxg4 23. axb5 h3 24. bxa6 hxg2 25. Qxg2 Qxg2+ 26. Kxg2 Bc6 27. a7 Ke7
28. Rfc1 Ra8 29. Bb5 Kd7 30. Rxc6 Rxc6 31. Ra6 Kc7 32. Bxc6 1-0

[Event "Chernivtsi Open-2016"]
[Site "Chernivtsi"]
[Date "2016.07.22"]
[Round "7.5"]
[White "Voloshchuk, Iliya"]
[Black "Huda, Maryana"]
[Result "0-1"]
[WhiteElo "1959"]
[BlackElo "2168"]
[PlyCount "70"]
[EventDate "2016.07.19"]
[EventType "swiss"]
[EventRounds "9"]
[EventCountry "UKR"]

1. d4 Nf6 2. Bf4 e6 3. e3 c5 4. c3 Nc6 5. Nd2 d5 6. Ngf3 Bd6 7. Bg3 Qe7 8. Ne5
Bxe5 9. dxe5 Nd7 10. f4 f6 11. exf6 Nxf6 12. Bd3 e5 13. O-O e4 14. Be2 O-O 15.
Bh4 c4 16. Bxf6 Rxf6 17. Nb1 Qc5 18. Qd2 Be6 19. Na3 b5 20. Nc2 a5 21. g4 Bxg4
22. Bxg4 Rg6 23. h3 h5 24. Qe2 Qe7 25. Rf2 b4 26. Rg2 hxg4 27. hxg4 Rb8 28. g5
Rd6 29. Rf1 Kf7 30. f5 Rh8 31. f6 gxf6 32. gxf6 Qe6 33. Qe1 Qh3 34. Rf4 Ne5 35.
Rg7+ Kf8 0-1

[Event "Chernivtsi Open-2016"]
[Site "Chernivtsi"]
[Date "2016.07.22"]
[Round "7.6"]
[White "Ostakhnovich, Vladislav"]
[Black "Vinogradnik, Vladimir"]
[Result "1/2-1/2"]
[WhiteElo "1971"]
[BlackElo "2153"]
[PlyCount "103"]
[EventDate "2016.07.19"]
[EventType "swiss"]
[EventRounds "9"]
[EventCountry "UKR"]

1. d4 Nf6 2. c4 e6 3. Nf3 Bb4+ 4. Bd2 a5 5. a3 Bxd2+ 6. Qxd2 d6 7. Nc3 Nbd7 8.
g3 b6 9. Bg2 Bb7 10. Qc2 e5 11. O-O exd4 12. Nxd4 Bxg2 13. Kxg2 Ne5 14. h3 O-O
15. b3 Re8 16. f4 Ng6 17. e4 Qd7 18. Rfe1 h5 19. Qf2 h4 20. Qf3 hxg3 21. Kxg3
Ne7 22. Kh2 g6 23. Rg1 Kg7 24. f5 Rh8 25. Rg3 c5 26. Nde2 Nc6 27. fxg6 fxg6 28.
Rag1 Ne5 29. Qf5 Rh6 30. Nf4 Qf7 31. Ncd5 Nxd5 32. Nxd5 Rah8 33. Qxf7+ Kxf7 34.
Rf1+ Ke8 35. Nxb6 g5 36. Kg2 g4 37. Rh1 gxh3+ 38. Rhxh3 Rxh3 39. Rxh3 Rxh3 40.
Kxh3 Nf3 41. Nd5 Ng5+ 42. Kg4 Nxe4 43. Kf5 Nd2 44. Ke6 a4 45. Nf6+ Kd8 46. bxa4
Nxc4 47. Kd5 Nxa3 48. Kxd6 c4 49. Ne4 Nb1 50. a5 c3 51. a6 Kc8 52. Nxc3 1/2-1/2

[Event "Chernivtsi Open-2016"]
[Site "Chernivtsi"]
[Date "2016.07.22"]
[Round "7.7"]
[White "Medvedyk, Volodymyr"]
[Black "Korduban, Valerij"]
[Result "1/2-1/2"]
[WhiteElo "1944"]
[BlackElo "2082"]
[PlyCount "58"]
[EventDate "2016.07.19"]
[EventType "swiss"]
[EventRounds "9"]
[EventCountry "UKR"]

1. c4 c5 2. g3 Nc6 3. Bg2 g6 4. Nc3 Bg7 5. Nf3 e6 6. d3 Nge7 7. Bg5 d5 8. cxd5
exd5 9. O-O Be6 10. a3 O-O 11. Qd2 Re8 12. Rab1 Qd7 13. Bh6 Bh3 14. Bxh3 Qxh3
15. Bxg7 Kxg7 16. b4 cxb4 17. axb4 Qg4 18. Rfc1 Rad8 19. b5 Nd4 20. Nxd4 Qxd4
21. Ra1 Rc8 22. Qb2 f6 23. Ra4 Qb6 24. Rca1 a6 25. Rb4 a5 26. Rf4 Qc5 27. Ne4
dxe4 28. Qxf6+ Kg8 29. Qf7+ Kh8 1/2-1/2

[Event "Chernivtsi Open-2016"]
[Site "Chernivtsi"]
[Date "2016.07.22"]
[Round "7.8"]
[White "Mikhailiuk, Denis"]
[Black "Bufin, Gleb"]
[Result "0-1"]
[WhiteElo "1850"]
[BlackElo "2044"]
[PlyCount "84"]
[EventDate "2016.07.19"]
[EventType "swiss"]
[EventRounds "9"]
[EventCountry "UKR"]

1. Nf3 Nf6 2. g3 g6 3. Bg2 Bg7 4. O-O O-O 5. c4 d6 6. d4 Nbd7 7. Nc3 e5 8. e4
c6 9. h3 Qb6 10. c5 dxc5 11. dxe5 Ne8 12. e6 fxe6 13. Ng5 Ne5 14. f4 Nf7 15.
Nxf7 Rxf7 16. e5 Qc7 17. Ne4 b6 18. Qg4 Rf5 19. Rd1 Qe7 20. Ng5 Bb7 21. Be4 Nc7
22. Bxf5 exf5 23. Qe2 Nd5 24. Be3 Bh6 25. h4 Bxg5 26. hxg5 Bc8 27. Bf2 Be6 28.
a3 Kg7 29. Qa6 Rh8 30. b4 c4 31. Qxc4 Qb7 32. Rac1 Rc8 33. Qd4 h6 34. gxh6+
Kxh6 35. Be3 Kg7 36. Kf2 Rd8 37. a4 Rh8 38. Rd2 a5 39. bxa5 c5 40. Qd3 Nb4 41.
Qd6 Rh2+ 42. Kf1 Qf3+ 0-1

[Event "Chernivtsi Open-2016"]
[Site "Chernivtsi"]
[Date "2016.07.22"]
[Round "7.10"]
[White "Thomre, Abhishek"]
[Black "Lukiyanchuk, Vladislav"]
[Result "0-1"]
[WhiteElo "1549"]
[BlackElo "2003"]
[PlyCount "92"]
[EventDate "2016.07.19"]
[EventType "swiss"]
[EventRounds "9"]
[EventCountry "UKR"]

1. d4 d5 2. Nf3 Nf6 3. e3 e6 4. Bd3 Bd6 5. b3 c6 6. Bb2 Nbd7 7. Nbd2 Qc7 8. O-O
O-O 9. c4 Re8 10. c5 Bf8 11. Ne5 Nxe5 12. dxe5 Nd7 13. b4 g6 14. f4 Bg7 15. Nf3
b6 16. Qc2 bxc5 17. bxc5 Bf8 18. Bd4 Qa5 19. Ng5 Nxc5 20. Bxc5 Qxc5 21. Qe2 Bd7
22. h4 Bh6 23. Rac1 Qe7 24. Qg4 f5 25. exf6 Qxf6 26. h5 Re7 27. hxg6 hxg6 28.
Qh4 Rh7 29. Qg3 Rg7 30. Qh4 Bxg5 31. fxg5 Qe5 32. Qf4 Qxf4 33. Rxf4 e5 34. Rf6
e4 35. Bc2 Rc8 36. Ba4 c5 37. Bxd7 Rxd7 38. Rxg6+ Kh7 39. Rh6+ Kg7 40. Rf1 Rf8
41. Rc1 c4 42. g4 Rf3 43. Rc3 Rg3+ 44. Kf2 Rxg4 45. Rc1 Rf7+ 46. Ke2 Rg2+ 0-1

[Event "Chernivtsi Open-2016"]
[Site "Chernivtsi"]
[Date "2016.07.23"]
[Round "8.1"]
[White "Yarmysty, Mikhail"]
[Black "Polulikh, Bogdan"]
[Result "1/2-1/2"]
[WhiteElo "2303"]
[BlackElo "2188"]
[PlyCount "145"]
[EventDate "2016.07.19"]
[EventType "swiss"]
[EventRounds "9"]
[EventCountry "UKR"]

1. e4 c5 2. Nf3 e6 3. c4 a6 4. Nc3 d6 5. d4 cxd4 6. Nxd4 Nf6 7. Be3 Be7 8. Be2
O-O 9. O-O b6 10. Qd2 Bb7 11. f3 Nbd7 12. Rfd1 Rc8 13. Bf1 Re8 14. Rac1 Qc7 15.
g4 Ne5 16. g5 Nfd7 17. b3 Qb8 18. Qf2 Qa8 19. h3 Bf8 20. Nde2 Nc5 21. Ng3 Ng6
22. Bg2 Ne5 23. Qe2 b5 24. f4 Ng6 25. b4 Na4 26. Nxa4 bxa4 27. Qf2 d5 28. exd5
Bxb4 29. d6 Red8 30. c5 Nh4 31. Bxb7 Qxb7 32. Rb1 a3 33. Qe2 a5 34. Rbc1 Qc6
35. Rd3 Rb8 36. Bd4 Rxd6 37. Ne4 Rd5 38. Bf2 Ng6 39. Be3 Rbd8 40. Rcd1 Rxd3 41.
Rxd3 Rd5 42. Rxd5 Qxd5 43. Qc2 Ne7 44. Bf2 Nc6 45. Kf1 Kf8 46. Ke2 Ke7 47. Nd6
Nd4+ 48. Bxd4 Qxd4 49. Ne4 Kd7 50. Qd3 Qxd3+ 51. Kxd3 Kc6 52. Kc4 Be1 53. Kd4
a4 54. Kc4 Ba5 55. Nf2 Bd2 56. Nd3 f6 57. gxf6 gxf6 58. Nb4+ Bxb4 59. Kxb4 e5
60. fxe5 fxe5 61. Kc4 h6 62. h4 h5 63. Kb4 e4 64. Kc4 e3 65. Kd3 Kxc5 66. Kxe3
Kc4 67. Ke4 Kc3 68. Ke3 Kb2 69. Kd2 Kxa2 70. Kc2 Ka1 71. Kc1 a2 72. Kc2 a3 73.
Kc1 $11 1/2-1/2

[Event "Chernivtsi Open-2016"]
[Site "Chernivtsi"]
[Date "2016.07.23"]
[Round "8.2"]
[White "Vusatiuk, Vladimir"]
[Black "Huda, Maryana"]
[Result "1/2-1/2"]
[WhiteElo "2383"]
[BlackElo "2168"]
[PlyCount "104"]
[EventDate "2016.07.19"]
[EventType "swiss"]
[EventRounds "9"]
[EventCountry "UKR"]

1. Nf3 Nf6 2. g3 b6 3. Bg2 Bb7 4. O-O e6 5. c4 Be7 6. d4 O-O 7. Re1 Na6 8. Nc3
Ne4 9. Nd2 Nxc3 10. bxc3 Bxg2 11. Kxg2 f5 12. e4 fxe4 13. Rxe4 c6 14. Qa4 Nc7
15. Ba3 a5 16. Bxe7 Qxe7 17. Qb3 b5 18. Re2 a4 19. Qc2 Qf7 20. f4 Qf5 21. Qxf5
Rxf5 22. Rc1 Kf8 23. c5 Ke7 24. Ne4 a3 25. Rb1 Ra4 26. Rb3 Rd5 27. Rd2 Rf5 28.
Kf3 Nd5 29. Ke2 Rf8 30. Kd3 Rfa8 31. Rd1 Nf6 32. Rdb1 Nxe4 33. Kxe4 Kf6 34. h4
h5 35. g4 hxg4 36. Rg1 Rh8 37. Rxg4 Rh6 38. Rb1 Ra8 39. Rbg1 g6 40. R1g3 Rah8
41. Rg5 R8h7 42. R3g4 Rxh4 43. Rxg6+ Ke7 44. Ke5 Rxg4 45. Rxg4 Rf7 46. Rg8 Rf5+
47. Ke4 Rh5 48. Ra8 Rh3 49. Rxa3 b4 50. Ra4 bxc3 51. Rc4 Kd8 52. a4 Ke7 1/2-1/2

[Event "Chernivtsi Open-2016"]
[Site "Chernivtsi"]
[Date "2016.07.23"]
[Round "8.3"]
[White "Bykovskiy, Oleg"]
[Black "Bufin, Gleb"]
[Result "1/2-1/2"]
[WhiteElo "2324"]
[BlackElo "2044"]
[PlyCount "137"]
[EventDate "2016.07.19"]
[EventType "swiss"]
[EventRounds "9"]
[EventCountry "UKR"]

1. Nc3 g6 2. d4 Bg7 3. Nf3 d6 4. g3 Nf6 5. Bg2 O-O 6. e4 c6 7. O-O Qc7 8. b3 e5
9. dxe5 dxe5 10. Bb2 Re8 11. h3 Nbd7 12. Qe2 Nc5 13. Qe3 Ne6 14. Rfd1 Nd7 15.
Ne2 f6 16. a4 a5 17. Nd2 Bf8 18. Ba3 Bxa3 19. Rxa3 Rd8 20. Raa1 Ndc5 21. Qc3 b6
22. Nc4 Ba6 23. f4 b5 24. axb5 cxb5 25. Ne3 b4 26. Qe1 Qa7 27. Rxd8+ Rxd8 28.
Nc1 exf4 29. gxf4 Nxf4 30. Bf3 Nxh3+ 31. Kg2 Nf4+ 32. Kh1 Qc7 33. Ng4 Nh5 34.
e5 Bb7 35. Qe3 Bxf3+ 36. Qxf3 f5 37. Nh6+ Kg7 38. Nxf5+ gxf5 39. Qxh5 Ne4 40.
Ne2 Qxe5 41. Rg1+ Kh8 42. Qh4 Rd2 43. Qh6 Qf6 44. Qf4 Rd6 45. Rg2 Qh6+ 46. Qxh6
Rxh6+ 47. Kg1 Rd6 48. Nf4 Rd1+ 49. Kh2 Rd2 50. Ne6 Rxg2+ 51. Kxg2 Kg8 52. Nd4
Nd6 53. Nc6 Nb5 54. Kf3 Kf7 55. Ke3 Ke6 56. Nxa5 Nc3 57. Nc6 Nd5+ 58. Kd4 h5
59. Nd8+ Ke7 60. Nc6+ Kd6 61. Ne5 Ne3 62. Nf3 Nxc2+ 63. Kd3 Na1 64. Kc4 Nc2 65.
Kd3 Na3 66. Kd4 Ke6 67. Ng5+ Kd6 68. Nf3 Nc2+ 69. Kd3 $11 1/2-1/2

[Event "Chernivtsi Open-2016"]
[Site "Chernivtsi"]
[Date "2016.07.23"]
[Round "8.4"]
[White "Sukhov, Andrey"]
[Black "Roenko, Artur"]
[Result "1-0"]
[WhiteElo "2154"]
[BlackElo "2123"]
[PlyCount "43"]
[EventDate "2016.07.19"]
[EventType "swiss"]
[EventRounds "9"]
[EventCountry "UKR"]

1. e4 e6 2. d4 d5 3. Nd2 Nc6 4. c3 e5 5. Ngf3 exd4 6. exd5 Qxd5 7. Bc4 Qc5 8.
O-O dxc3 9. Re1+ Be7 10. bxc3 Kf8 11. a4 Bg4 12. Ba3 Qh5 13. Qb3 b6 14. Bd5 Na5
15. Qa2 Re8 16. Re5 f5 17. Rae1 c5 18. h3 Bxf3 19. Nxf3 Nf6 20. Nd4 Bd6 21.
Rxe8+ Nxe8 22. Ne6+ 1-0

[Event "Chernivtsi Open-2016"]
[Site "Chernivtsi"]
[Date "2016.07.23"]
[Round "8.5"]
[White "Cherepov, Alexej"]
[Black "Kyrychenko, Mykola"]
[Result "1/2-1/2"]
[WhiteElo "2165"]
[BlackElo "2040"]
[PlyCount "59"]
[EventDate "2016.07.19"]
[EventType "swiss"]
[EventRounds "9"]
[EventCountry "UKR"]

1. d4 Nf6 2. c4 e6 3. Nf3 Bb4+ 4. Bd2 c5 5. Bxb4 cxb4 6. a3 bxa3 7. Rxa3 O-O 8.
Nc3 d6 9. g3 Nc6 10. d5 exd5 11. cxd5 Ne5 12. Nxe5 dxe5 13. Bg2 Ne8 14. O-O Nd6
15. e4 b5 16. Ra1 a5 17. Rc1 Bd7 18. Re1 Qb6 19. Qb3 Rfc8 20. Bf1 b4 21. Ra1
Qd4 22. Rad1 Qc5 23. Na4 Bxa4 24. Qxa4 Qc2 25. Qa1 Qc5 26. Qa4 Qc2 27. Qa1 a4
28. Rc1 Qd2 29. Rcd1 g6 30. Rc1 1/2-1/2

[Event "Chernivtsi Open-2016"]
[Site "Chernivtsi"]
[Date "2016.07.23"]
[Round "8.6"]
[White "Vinogradnik, Vladimir"]
[Black "Boyechko, Oleg"]
[Result "1/2-1/2"]
[WhiteElo "2153"]
[BlackElo "1996"]
[PlyCount "160"]
[EventDate "2016.07.19"]
[EventType "swiss"]
[EventRounds "9"]
[EventCountry "UKR"]

1. e4 e6 2. d3 d5 3. Nd2 Nf6 4. Ngf3 g6 5. g3 Bg7 6. Bg2 O-O 7. O-O c5 8. Re1
Nc6 9. Qe2 b6 10. Nf1 Ba6 11. e5 Nd7 12. Bf4 Qc7 13. h4 Rac8 14. N1h2 Nd4 15.
Qd2 Nxf3+ 16. Nxf3 c4 17. dxc4 Qxc4 18. Nd4 Qc7 19. Qe3 Nb8 20. Bh6 Nc6 21.
Bxg7 Kxg7 22. Nf3 h5 23. Qf4 Qe7 24. a3 Na5 25. Nd4 Nc6 26. Nf3 Na5 27. Rac1
Rc7 28. Nd4 Nc6 29. Nxc6 Rxc6 30. Qa4 b5 31. Qb4 Qxb4 32. axb4 Bb7 33. c3 a6
34. Rcd1 Rfc8 35. Rd4 Rc4 36. Red1 Rxd4 37. Rxd4 Rc7 38. Kf1 Kf8 39. f3 Bc6 40.
Kf2 Be8 41. Rd1 Ke7 42. Ra1 Rc6 43. Bf1 f6 44. f4 f5 45. Ke3 Kd8 46. Kd4 Kc7
47. b3 Rb6 48. c4 bxc4 49. bxc4 dxc4 50. Bxc4 Rxb4 51. Kc5 Rb6 52. Bxa6 Rc6+
53. Kd4 Kd8 54. Bb5 Rc8 55. Bc4 Bf7 56. Ra6 Ke7 57. Ra7+ Kf8 58. Rb7 Rd8+ 59.
Kc5 Rc8+ 60. Kb5 Be8+ 61. Kb4 Bf7 62. Ba6 Rc1 63. Rd7 Rc6 64. Bb7 Rc1 65. Ba6
Rc6 66. Rd6 Rc1 67. Bc4 Ke7 68. Rd3 Be8 69. Kc5 Rc2 70. Ra3 Bf7 71. Ra7+ Kf8
72. Rb7 Rc3 73. Ra7 Rc2 74. Rc7 Rd2 75. Kb6 Rd4 76. Kb7 Rd8 77. Bb5 Rd5 78. Kb6
Rd2 79. Rc6 Ke7 80. Rc7+ Kf8 1/2-1/2

[Event "Chernivtsi Open-2016"]
[Site "Chernivtsi"]
[Date "2016.07.23"]
[Round "8.7"]
[White "Korduban, Valerij"]
[Black "Ostakhnovich, Vladislav"]
[Result "1-0"]
[WhiteElo "2082"]
[BlackElo "1971"]
[PlyCount "111"]
[EventDate "2016.07.19"]
[EventType "swiss"]
[EventRounds "9"]
[EventCountry "UKR"]

1. e4 c5 2. a3 g6 3. Ne2 Bg7 4. c4 Nc6 5. Nbc3 d6 6. d3 Nf6 7. Rb1 O-O 8. b4 b6
9. b5 Nb8 10. g3 Bg4 11. Bg2 Bxe2 12. Qxe2 e5 13. O-O Nbd7 14. f4 Ne8 15. f5
Nc7 16. Nd5 Nxd5 17. exd5 f6 18. fxg6 hxg6 19. Qg4 f5 20. Qxg6 Qf6 21. Qxf6
Rxf6 22. Bg5 Rf7 23. h4 Kh7 24. g4 Bh6 25. Rxf5 Rxf5 26. Be4 Bxg5 27. hxg5 Kg7
28. gxf5 Rh8 29. Rb2 Rh5 30. Rg2 Nf8 31. f6+ Kg8 32. Bf5 Rh4 33. Be6+ Kh7 34.
g6+ Nxg6 35. Bf5 Rf4 36. Bxg6+ Kg8 37. Be4+ Kf7 38. Rg7+ Kxf6 39. Rd7 Rg4+ 40.
Kf2 Rf4+ 41. Ke3 Rf1 42. Rxd6+ Ke7 43. Re6+ Kd8 44. Rxe5 Ra1 45. d6 Kd7 46. Rd5
Rxa3 47. Bf5+ Kd8 48. Re5 Ra1 49. Kf2 Rh1 50. d7 Rh8 51. Ke3 Rf8 52. Ke4 Rh8
53. Kd5 Rf8 54. Kc6 Rf6+ 55. Kb7 Rf8 56. Re8+ 1-0

[Event "Chernivtsi Open-2016"]
[Site "Chernivtsi"]
[Date "2016.07.23"]
[Round "8.8"]
[White "Lukiyanchuk, Vladislav"]
[Black "Medvedyk, Volodymyr"]
[Result "0-1"]
[WhiteElo "2003"]
[BlackElo "1944"]
[PlyCount "51"]
[EventDate "2016.07.19"]
[EventType "swiss"]
[EventRounds "9"]
[EventCountry "UKR"]

1. e4 c5 2. Nf3 d6 3. d4 cxd4 4. Nxd4 Nf6 5. Nc3 a6 6. Bg5 e6 7. f4 h6 8. Bxf6
Qxf6 9. Qd2 Nc6 10. Nf3 Qd8 11. O-O-O Be7 12. Kb1 b5 13. g4 Bb7 14. Bd3 Qc7 15.
h4 O-O-O 16. g5 hxg5 17. hxg5 Na5 18. Nd4 Nc4 19. Qf2 Rxh1 20. Rxh1 d5 21. e5
Nxb2 22. Ncxb5 axb5 23. Nxb5 Nxd3 24. cxd3 Qa5 25. Rc1+ Kb8 26. Qb2 0-1

[Event "Chernivtsi Open-2016"]
[Site "Chernivtsi"]
[Date "2016.07.24"]
[Round "9.1"]
[White "Vusatiuk, Vladimir"]
[Black "Sukhov, Andrey"]
[Result "1-0"]
[WhiteElo "2383"]
[BlackElo "2154"]
[PlyCount "51"]
[EventDate "2016.07.19"]
[EventType "swiss"]
[EventRounds "9"]
[EventCountry "UKR"]

1. e4 c5 2. Nf3 d6 3. d4 cxd4 4. Nxd4 Nf6 5. Nc3 a6 6. Be3 e6 7. Qd2 b5 8. f3
Bb7 9. g4 Nc6 10. O-O-O Be7 11. g5 Nd7 12. Nxc6 Bxc6 13. a3 Qc7 14. h4 O-O-O
15. a4 Qa5 16. Qd4 b4 17. Qa7 Bb7 18. Nb5 Qxa4 19. Nxd6+ Bxd6 20. Rxd6 Qa1+ 21.
Kd2 Ne5 22. Qc5+ Nc6 23. Bd3 Qxh1 24. Rxc6+ Bxc6 25. Qxc6+ Kb8 26. Bf4+ {Qa1}
1-0

[Event "Chernivtsi Open-2016"]
[Site "Chernivtsi"]
[Date "2016.07.24"]
[Round "9.2"]
[White "Huda, Maryana"]
[Black "Yarmysty, Mikhail"]
[Result "0-1"]
[WhiteElo "2168"]
[BlackElo "2303"]
[PlyCount "114"]
[EventDate "2016.07.19"]
[EventType "swiss"]
[EventRounds "9"]
[EventCountry "UKR"]

1. g3 e5 2. c4 Nc6 3. Bg2 f5 4. Nc3 Nf6 5. d3 Bb4 6. Bd2 Bxc3 7. Bxc3 d6 8. Nf3
O-O 9. Nd2 Be6 10. Qb3 Rb8 11. Bxc6 bxc6 12. Qa4 c5 13. O-O-O Bd7 14. Qc2 Ng4
15. Rdf1 f4 16. Ne4 Bc6 17. Be1 Qd7 18. Qc3 Bxe4 19. dxe4 Qa4 20. a3 Rb3 21.
Qc2 f3 22. h3 fxe2 23. Qxe2 Nf6 24. f4 Rfb8 25. fxe5 Rxa3 26. Qc2 Ra1+ 27. Kd2
Qa2 28. Ke3 Rxb2 29. Qd3 Rxe1+ 30. Rxe1 Rb3 31. exf6 Rxd3+ 32. Kxd3 Qb3+ 33.
Kd2 Qb2+ 34. Ke3 Qd4+ 35. Kf3 Qxf6+ 36. Kg2 Qb2+ 37. Kf3 Qc3+ 38. Re3 Qxc4 39.
Rhe1 Qf7+ 40. Kg2 Qe6 41. Ra3 d5 42. Rxa7 d4 43. Rxc7 c4 44. Ra1 Qxe4+ 45. Kf2
h6 46. Raa7 Qe5 47. Re7 Qf6+ 48. Ke2 Qg6 49. Rac7 c3 50. Red7 Qe4+ 51. Kf2 Qe3+
52. Kg2 Qe5 53. Kf2 c2 54. Rd8+ Kh7 55. Rdc8 Qe3+ 56. Kg2 Qe2+ 57. Kg1 d3 0-1

[Event "Chernivtsi Open-2016"]
[Site "Chernivtsi"]
[Date "2016.07.24"]
[Round "9.3"]
[White "Medvedyk, Volodymyr"]
[Black "Bykovskiy, Oleg"]
[Result "0-1"]
[WhiteElo "1944"]
[BlackElo "2324"]
[PlyCount "144"]
[EventDate "2016.07.19"]
[EventType "swiss"]
[EventRounds "9"]
[EventCountry "UKR"]

1. c4 Nf6 2. g3 e6 3. Bg2 c5 4. Nf3 Nc6 5. Nc3 d5 6. cxd5 exd5 7. d4 Bg4 8. Ne5
Be6 9. Nxc6 bxc6 10. O-O cxd4 11. Qxd4 Be7 12. e4 O-O 13. exd5 cxd5 14. Rd1 Qd7
15. Be3 Rfd8 16. Rd2 Qb7 17. Rad1 Rd7 18. Qa4 Rc8 19. Bg5 Rcd8 20. Bxf6 gxf6
21. Qd4 Qc7 22. h4 Kg7 23. h5 h6 24. Re1 Qc4 25. Nxd5 Qxd4 26. Rxd4 Bc5 27. Rc4
Rxd5 28. Bxd5 Rxd5 29. Rec1 Bb6 30. g4 Rg5 31. Rb4 Bxg4 32. Kh2 f5 33. f4 Rxh5+
34. Kg2 Rh3 35. a4 Re3 36. Rc2 Bf3+ 37. Kh2 Be4 38. Rf2 Re1 39. Rd2 Be3 40.
Rg2+ Bxg2 41. Kxg2 Bb6 42. Rb5 Ra1 43. b3 Kg6 44. Rd5 Ra2+ 45. Kg3 Bf2+ 46. Kf3
Be1 47. Rd6+ Kg7 48. Ra6 Rb2 49. Rxa7 Rxb3+ 50. Ke2 Bg3 51. Ra5 Ra3 52. Rxf5
Rxa4 53. Kf3 Rxf4+ 54. Rxf4 Bxf4 55. Kxf4 Kg6 56. Kg4 f5+ 57. Kf4 Kf6 58. Kf3
Ke5 59. Ke3 f4+ 60. Kf3 Kf5 61. Kf2 Ke4 62. Ke2 f3+ 63. Kf2 Kf4 64. Kf1 Ke3 65.
Ke1 f2+ 66. Kf1 h5 67. Kg2 Ke2 68. Kh2 f1=Q 69. Kg3 Qf3+ 70. Kh2 Qg4 71. Kh1
Kf2 72. Kh2 Qh4# 0-1

[Event "Chernivtsi Open-2016"]
[Site "Chernivtsi"]
[Date "2016.07.24"]
[Round "9.4"]
[White "Bufin, Gleb"]
[Black "Polulikh, Bogdan"]
[Result "0-1"]
[WhiteElo "2044"]
[BlackElo "2188"]
[PlyCount "76"]
[EventDate "2016.07.19"]
[EventType "swiss"]
[EventRounds "9"]
[EventCountry "UKR"]

1. e4 e5 2. Nf3 Nf6 3. d3 Nc6 4. g3 d5 5. Nbd2 dxe4 6. dxe4 Bb4 7. c3 Bc5 8. h3
a6 9. Qc2 h6 10. Bg2 Be6 11. b4 Bb6 12. a4 Nd7 13. Ba3 Qf6 14. b5 Ne7 15. Bb2
axb5 16. axb5 Rxa1+ 17. Bxa1 O-O 18. O-O Ra8 19. c4 Nc8 20. Bc3 Nd6 21. Ra1 Re8
22. Rd1 Qg6 23. c5 Bxc5 24. Bxe5 b6 25. Nh4 Qh5 26. Bxd6 Bxd6 27. Nf5 Bxf5 28.
exf5 Qe2 29. Bf1 Qe7 30. Bg2 Qe2 31. Bf1 Qe7 32. Nb3 h5 33. h4 Nf6 34. Bc4 Ng4
35. Qd3 Bc5 36. Nxc5 Qxc5 37. Qd4 Re1+ 38. Bf1 Rxd1 0-1

[Event "Chernivtsi Open-2016"]
[Site "Chernivtsi"]
[Date "2016.07.24"]
[Round "9.5"]
[White "Kyrychenko, Mykola"]
[Black "Korduban, Valerij"]
[Result "1/2-1/2"]
[WhiteElo "2040"]
[BlackElo "2082"]
[PlyCount "37"]
[EventDate "2016.07.19"]
[EventType "swiss"]
[EventRounds "9"]
[EventCountry "UKR"]

1. d4 Nf6 2. Nf3 g6 3. Bf4 Bg7 4. e3 O-O 5. Be2 b6 6. O-O Bb7 7. Nbd2 c5 8. c3
d6 9. h3 Nbd7 10. Re1 Re8 11. Bh2 Qc7 12. Qb3 Bd5 13. Bc4 Bxc4 14. Qxc4 h6 15.
Rad1 a6 16. e4 b5 17. Qb3 c4 18. Qc2 e5 19. b3 1/2-1/2

[Event "Chernivtsi Open-2016"]
[Site "Chernivtsi"]
[Date "2016.07.24"]
[Round "9.6"]
[White "Voloshchuk, Iliya"]
[Black "Cherepov, Alexej"]
[Result "1/2-1/2"]
[WhiteElo "1959"]
[BlackElo "2165"]
[PlyCount "57"]
[EventDate "2016.07.19"]
[EventType "swiss"]
[EventRounds "9"]
[EventCountry "UKR"]

1. d4 d5 2. Bf4 Nf6 3. e3 e6 4. c3 Bd6 5. Bg3 O-O 6. Nd2 c5 7. Ngf3 Nc6 8. Bd3
b6 9. Ne5 Bb7 10. f4 Ne7 11. Qf3 Nf5 12. Bf2 Be7 13. O-O Nd6 14. Qh3 Nfe4 15.
Rfd1 Rc8 16. Nxe4 dxe4 17. Be2 c4 18. Rf1 Bd5 19. Be1 b5 20. Bd2 a5 21. a3 f6
22. Ng4 Qd7 23. Nf2 Rb8 24. g4 Nf7 25. Qg2 Nd8 26. f5 exf5 27. gxf5 Qc6 28. Kh1
Bd6 29. Nh3 1/2-1/2

[Event "Chernivtsi Open-2016"]
[Site "Chernivtsi"]
[Date "2016.07.24"]
[Round "9.7"]
[White "Prydun, Andriy"]
[Black "Vinogradnik, Vladimir"]
[Result "0-1"]
[WhiteElo "1876"]
[BlackElo "2153"]
[PlyCount "62"]
[EventDate "2016.07.19"]
[EventType "swiss"]
[EventRounds "9"]
[EventCountry "UKR"]

1. d4 Nf6 2. Bf4 e6 3. Nf3 c5 4. e3 Qb6 5. Na3 d5 6. Nb5 Na6 7. Be2 c4 8. a4
Bd7 9. O-O Rc8 10. b3 Bxb5 11. axb5 Qxb5 12. bxc4 dxc4 13. Rb1 Qd5 14. Nd2 b5
15. c3 Be7 16. Bf3 Qd7 17. Ra1 Nb8 18. Qb1 Nd5 19. Bxd5 exd5 20. Ra5 b4 21. e4
dxe4 22. Qxe4 Nc6 23. Rd5 Qe6 24. Re1 Qxe4 25. Nxe4 O-O 26. Rd7 Rfd8 27. Rxe7
Nxe7 28. Nd6 Nd5 29. Nxc8 Rxc8 30. Bd6 b3 31. Rc1 Nxc3 0-1

[Event "Chernivtsi Open-2016"]
[Site "Chernivtsi"]
[Date "2016.07.24"]
[Round "9.8"]
[White "Roenko, Artur"]
[Black "Fainkihen, Efim"]
[Result "1-0"]
[WhiteElo "2123"]
[BlackElo "1990"]
[PlyCount "109"]
[EventDate "2016.07.19"]
[EventType "swiss"]
[EventRounds "9"]
[EventCountry "UKR"]

1. e4 e5 2. Nf3 Nc6 3. Bc4 Be7 4. c3 Nf6 5. d3 O-O 6. O-O d6 7. h3 Na5 8. Bb5
a6 9. Ba4 b5 10. Bc2 c5 11. Nbd2 Nc6 12. Re1 Re8 13. Nf1 Bf8 14. Bg5 h6 15. Be3
g6 16. Qd2 Kh7 17. Rad1 Bb7 18. Ng3 d5 19. Qe2 dxe4 20. Nxe4 Nxe4 21. dxe4 Qc7
22. Nh2 Ne7 23. Qg4 Ng8 24. Rd7 Qc6 25. Rxf7+ Bg7 26. Qd7 Qxd7 27. Rxd7 Bc6 28.
Rc7 Rec8 29. Rxc8 Rxc8 30. Rd1 Nf6 31. f3 Bf8 32. g4 Nd7 33. Nf1 c4 34. Kg2 Nc5
35. h4 Be7 36. Ng3 Ne6 37. h5 g5 38. Nf5 Bf8 39. Rd5 Bxd5 40. exd5 Kh8 41. dxe6
Re8 42. e7 Bxe7 43. Nxh6 Kg7 44. Nf5+ Kf6 45. Nxe7 Rxe7 46. h6 Re8 47. h7 Rh8
48. Kf2 a5 49. Bb6 a4 50. a3 Re8 51. Ke3 Kg7 52. Bf5 Re7 53. Ke4 Kh8 54. Bc5
Re8 55. Bd6 1-0